000 00260nam a22001217a 4500
008 171124b xxu||||| |||| 00| 0 eng d
041 _aeng
080 _a159.9
100 _a48
101 _aPSI
245 _aTHE MYTH OF MATURITY
_cAPTER,T
942 _2udc
_cBK
999 _c38499
_d38499